Thonnoorukal athoru adipolikkalam(തോണ്ണൂറുകൾ അതൊരു അടിപൊളിക്കാലം) (Record no. 115306)
[ view plain ]
| 000 -LEADER | |
|---|---|
| fixed length control field | 00496 a2200157 4500 |
| 005 - DATE AND TIME OF LATEST TRANSACTION | |
| control field | 20260427153130.0 |
| 008 - FIXED-LENGTH DATA ELEMENTS--GENERAL INFORMATION | |
| fixed length control field | 260422b |||||||| |||| 00| 0 eng d |
| 020 ## - INTERNATIONAL STANDARD BOOK NUMBER | |
| International Standard Book Number | 9789362544902 |
| 080 ## - UNIVERSAL DECIMAL CLASSIFICATION NUMBER | |
| Universal Decimal Classification number | 89M-94 |
| Item number | JAI/T |
| 100 ## - MAIN ENTRY--PERSONAL NAME | |
| Personal name | Jaikiran,K.P |
| 245 ## - TITLE STATEMENT | |
| Title | Thonnoorukal athoru adipolikkalam(തോണ്ണൂറുകൾ അതൊരു അടിപൊളിക്കാലം) |
| 260 ## - PUBLICATION, DISTRIBUTION, ETC. (IMPRINT) | |
| Name of publisher, distributor, etc | D C books |
| Place of publication, distribution, etc | Kottayam |
| Date of publication, distribution, etc | 2025 |
| 300 ## - PHYSICAL DESCRIPTION | |
| Extent | 192p. |
| 653 ## - INDEX TERM--UNCONTROLLED | |
| Uncontrolled term | Memories-Malayalam Literature |
| 942 ## - ADDED ENTRY ELEMENTS (KOHA) | |
| item type | Books |
| Lost status | Source of classification or shelving scheme | Not for loan | Home library | Current library | Date acquired | Cost, normal purchase price | Total Checkouts | Full call number | Barcode | Date last seen | Cost, replacement price | Price effective from | Koha item type | Public note |
|---|---|---|---|---|---|---|---|---|---|---|---|---|---|---|
| Universal Decimal Classification | Not For Loan | University Library | University Library | 02/03/2026 | 166.68 | 89M-94 JAI/T | 00097386 | 02/03/2026 | 250.00 | 02/03/2026 | Books | Processing |
